USFQ Law Review

Detalles Bibliográficos
Formato: eBook
Lenguaje:español
Publicado: Quito: Universidad San Francisco de Quito, 2013 -
Materias:
Acceso en línea:Acceso restringido

MARC

LEADER 00000nam a22000007a 4500
005 2020092306586.0
007 cr|||| ||||
008 200923c20139999ec ar|w s|||| 0|||b1spa d
022 |a 1390-8014 
035 |a 32122 
040 |a vLex 
090 |c 10761  |d 10761 
245 0 0 |a USFQ Law Review  |h [Recurso electrn̤ico] / 
256 |a Servicio en ln̕ea 
260 |a Quito:  |b Universidad San Francisco de Quito,  |c 2013 - 
300 |a 1 recurso electrn̤ico 
310 |a Anual 
362 |a Nð I-1 (Ene. 2013) - 
500 |a USFQ Law Review es la n︢ica revista jurd̕ica del Ecuador en ser n̕tegramente editada y producida por alumnos de pregrado de Jurisprudencia. Esta revista es acadm̌ica, cuenta con una revisin̤ que se lleva a cabo por pares (peer-reviewed), es de acceso abierto (open access) y es publicada por el Colegio de Jurisprudencia y la Editorial USFQ Universidad San Francisco de Quito. El objetivo central de USFQ Law Review es presentar artc̕ulos de investigacin̤ jurd̕ica en los que se analicen, de forma crt̕ica y fundamentada, diversos temas legales de relevancia y actualidad. Su objetivo es generar conocimiento y constituir a la revista en una fuente de consulta y discusin̤ que aporte jurd̕icamente a la comunidad. 
506 1 |a Disponible solo en los productos indicados  |d vLex Global  |d vLex Global (Academic Edition, excluding Law Schools)  |d vLex Global (U.S. Academic Edition, Law Schools)  |d vLex Global (U.S. Academic Edition, excluding Law Schools)  |d vLex Global (Academic Edition, Law Schools) 
650 0 4 |a Derecho Pb︢lico y Administrativo  |z Ecuador 
740 0 |a vLex Revistas (Servicio en ln̕ea) 
856 4 0 |u http://vlex.com/source/usfq-law-review-32122  |z Acceso restringido 
942 |c REV 
999 0 |a Public and Administrative Law